| 000 | 01393nam a2200313 i 4500 | ||
|---|---|---|---|
| 003 | EG-ScBUE | ||
| 005 | 20231122135106.0 | ||
| 008 | 100331s2004 le af b 00010 ara d | ||
| 020 | _a9789953211572 | ||
| 020 | _a9953211574 | ||
| 040 |
_aEG-ScBUE _bara _erda _cEG-ScBUE _dEG-ScBUE |
||
| 043 | _aa-mk--- | ||
| 082 | 0 | 4 |
_222 _a953.5 _bع م ر |
| 100 | 1 |
_913331 _aعمري، محمد سعيد دريبي، _eمؤلف. |
|
| 245 | 1 | 0 |
_aظفار : _bالثورة في التاريخ العماني المعاصر 1964-1975 = Dhufar : the revolution in contemporary Oman history / _cمحمد سعيد دريبي العمري. |
| 246 | 3 | 1 |
_aDhufar : _bthe revolution in contemporary Oman history |
| 250 | _aالطبعة الأولى. | ||
| 264 | 1 |
_aبيروت : _bرياض الريس، _c2004. |
|
| 300 |
_a364 صفحة ؛ _c23 سم |
||
| 336 |
_2rdacontent _aنص _btxt |
||
| 337 |
_aبدون وسيط _2rdamedia _bn |
||
| 338 |
_aمجلد _bnc _2rdacarrier |
||
| 504 | _aيشتمل على إرجاعات ببليوجرافية وكشافات. | ||
| 651 | 7 |
_913332 _aعمان _xتاريخ _yالعصر الحديث _yقابوس بن سعيد 1970. _2BUEsh |
|
| 651 | 7 |
_913334 _aعمان _xتاريخ _yالعصر الحديث _yسعيد بن تيمور 1931-1970. _2BUEsh |
|
| 651 | 7 |
_913333 _aعمان _xتاريخ _yثورة ظفار 1964-1970. _2BUEsh |
|
| 655 | _vReading book | ||
| 942 |
_2ddc _cBB |
||
| 999 |
_c13837 _d13837 |
||